000 00853nam a2200229Ia 4500
001 19633
003 GE_BSU
008 181216s||||||||xx |||||||||||||| ||und||
040 _cGE_BSU
245 _aМолекулярная генетика микробиология и вирусология №3.том 34, 2016
245 _cГл. ред.Костров С.В.
260 _aМосква
260 _bМедицина
260 _c2016
300 _a83-120 стр. 30см. илл.
653 _aМолекулярная генетика микробиология и вирусология
653 _aпериодика. პერიოდიკა
653 _aვირუსოლოგია
653 _aმიკრობიოლოგია
653 _aმოლეკულური გენეტიკა
942 _cCR
999 _c52609
_d52609